Hospodárska funkcia kongresového cestovného ruchu

Kongresový cestovný ruch patrí medzi ekonomicky najvýznamnejšie druhy cestovného ruchu. Kongresový cestovný ruch sa realizuje počas celého roku a môže preto vyplniť do určitej miery pokles aktivity rekreačného cestovného ruchu. Výdavky účastníkov kongresového cestovného ruchu. Priamy a nepriamy vply...

Descrizione completa

Salvato in:
Dettagli Bibliografici
Autore principale: Mlynková, Karin
Natura: Capitolo di libro
Lingua:slovacco
Soggetti:
Tags: Aggiungi Tag
Nessun Tag, puoi essere il primo ad aggiungerne!!

MARC

LEADER 00000naa a2200000 4500
001 r035629
005 20230724104840.5
041 0 |a slo 
044 |a SK 
245 1 0 |a Hospodárska funkcia kongresového cestovného ruchu  |c Karin Mlynková 
520 |a Kongresový cestovný ruch patrí medzi ekonomicky najvýznamnejšie druhy cestovného ruchu. Kongresový cestovný ruch sa realizuje počas celého roku a môže preto vyplniť do určitej miery pokles aktivity rekreačného cestovného ruchu. Výdavky účastníkov kongresového cestovného ruchu. Priamy a nepriamy vplyv kongresového cestovného ruchu na tvorbu pracovných miest. 
610 2 0 |a ruch cestovný kongresový 
610 2 0 |a ruch cestovný 
610 2 0 |a výdavky 
610 2 0 |a príjmy 
610 2 0 |a cesty pracovné 
610 2 0 |a hotely 
610 2 0 |a reštaurácie 
610 2 0 |a kongresy 
610 2 0 |a výstavy 
610 2 0 |a miesta pracovné 
610 2 0 |a ruch cestovný mestský 
100 1 |a Mlynková, Karin